City reaching : (Record no. 2032)

MARC details
000 -LEADER
fixed length control field 00963cam a22002654a 4500
001 - CONTROL NUMBER
control field 11785989
003 - CONTROL NUMBER IDENTIFIER
control field GBCCL
005 - DATE AND TIME OF LATEST TRANSACTION
control field 20241126110415.0
008 - FIXED-LENGTH DATA ELEMENTS--GENERAL INFORMATION
fixed length control field 990908s1999 caua b 001 0 eng
010 ## -
-- 99046764
020 ## - INTERNATIONAL STANDARD BOOK NUMBER
International Standard Book Number 087808777X (alk. paper)
040 ## - CATALOGING SOURCE
Original cataloging agency DLC
Transcribing agency DLC
Modifying agency DLC
042 ## -
-- pcc
050 00 -
-- BV637
-- .D46 1999
082 00 - DEWEY DECIMAL CLASSIFICATION NUMBER
Classification number 253.091732
Edition information 21
Item number DEN
100 1# - MAIN ENTRY--PERSONAL NAME
Personal name Dennison, Jack,
Dates associated with a name 1951-
9 (RLIN) 4179
245 10 - TITLE STATEMENT
Title City reaching :
Remainder of title on the road to community transformation /
Statement of responsibility, etc. Jack Dennison.
260 ## - PUBLICATION, DISTRIBUTION, ETC.
Place of publication, distribution, etc. Pasadena, Calif. :
Name of publisher, distributor, etc. W. Carey Library,
Date of publication, distribution, etc. c1999.
300 ## - PHYSICAL DESCRIPTION
Extent xvii, 277 p. :
Other physical details ill. ;
Dimensions 22 cm.
504 ## - BIBLIOGRAPHY, ETC. NOTE
Bibliography, etc. note Includes bibliographical references (p. 275-277) and index.
650 #0 - SUBJECT ADDED ENTRY--TOPICAL TERM
Topical term or geographic name entry element City churches.
9 (RLIN) 2402
906 ## - LOCAL DATA ELEMENT F, LDF (RLIN)
a 7
b cbc
c orignew
d 1
e ocip
f 19
g y-gencatlg
942 ## - ADDED ENTRY ELEMENTS (KOHA)
Source of classification or shelving scheme Dewey Decimal Classification
Koha item type Books
Koha issues (borrowed), all copies 10
Holdings
Withdrawn status Lost status Source of classification or shelving scheme Damaged status Not for loan Home library Current Library Shelving location Date acquired Total checkouts Total renewals Full call number Barcode Date last seen Date last checked out Copy number Price effective from Koha item type
    Dewey Decimal Classification     GRACE BIBLE COLLEGE GRACE BIBLE COLLEGE Ministry & Mission 2017-06-09 14 4 253.091732 DEN 010095 2026-02-16 2026-02-09 c.1 2017-06-09 Books
© Grace Bible College Library 2025